Ingeniería eléctrica experimental

Պահպանված է:
Մատենագիտական մանրամասներ
Հիմնական հեղինակ: Salazar, Luis A (Հեղինակ)
Ձևաչափ: Գիրք
Լեզու:իսպաներեն
Հրապարակվել է: Barcelona Marcombo 1973
Խորագրեր:
Ցուցիչներ: Ավելացրեք ցուցիչ
Չկան պիտակներ, Եղեք առաջինը, ով նշում է այս գրառումը!

MARC

LEADER 00000nam a2200000 a 4500
001 UCV6706
003 CL-VaPUC
008 930901e19730000SP |||||||||||||||||spa|d
082 0 4 |a 621.3  |b SAL  |2 21 
100 0 |a Salazar, Luis A  |e author  |9 300756 
245 1 0 |a Ingeniería eléctrica experimental 
300 |a 327 p 
942 |c BK 
945 |d 19930901 00:00:00 
260 |a Barcelona  |b Marcombo  |c 1973 
650 0 |a Ingeniería eléctrica  |9 260573 
650 0 |a Máquinas eléctricas  |9 260079 
583 |a last modification  |c 19930901 00:00:00  |k Rodrigo Vera 
999 |c 212612  |d 212610 
952 |0 0  |1 0  |4 0  |6 621_300000000000000_SAL_1973  |7 0  |8 A  |9 193738  |a BIBING  |b BIBING  |d 2019-11-14  |i 261894K  |o 621.3 SAL 1973  |p 261894K  |r 2025-01-20  |w 2019-11-14  |y BK  |k EIE